Fundamental managerial accounting concepts / (Record no. 13404)

000 -LEADER
fixed length control field 00653cam a22001934a 4500
020 ## - INTERNATIONAL STANDARD BOOK NUMBER
ISBN 0072991054 (alk. paper)
040 ## - CATALOGING SOURCE
Transcribing agency DLC
082 00 - DEWEY DECIMAL CLASSIFICATION NUMBER
Classification number 658 HIL 2006 A044 Or.
245 00 - TITLE STATEMENT
Title Fundamental managerial accounting concepts /
250 ## - EDITION STATEMENT
Edition statement 3rd ed.
260 ## - PUBLICATION, DISTRIBUTION, ETC. (IMPRINT)
Place of publication New York :
Name of publisher McGraw-Hill/Irwin,
Year of publication c2006.
300 ## - PHYSICAL DESCRIPTION
Number of Pages xxxii, 654 p. :
Other physical details col. ill. ;
Dimensions 29 cm.
Accompanying material 1 CD-ROM (4 3/4 in.)
500 ## - GENERAL NOTE
General note Includes index.
650 #0 - SUBJECT ADDED ENTRY--TOPICAL TERM
Topical Term Managerial accounting.
700 1# - ADDED ENTRY--PERSONAL NAME
Personal name Edmonds, Thomas P.
856 42 - ELECTRONIC LOCATION AND ACCESS
Uniform Resource Identifier http://www.loc.gov/catdir/enhancements/fy0617/2004042316-d.html
856 41 - ELECTRONIC LOCATION AND ACCESS
Uniform Resource Identifier http://www.loc.gov/catdir/enhancements/fy0617/2004042316-t.html
942 ## - ADDED ENTRY ELEMENTS (KOHA)
Koha item type សៀវភៅភាសាអង់គ្លេស
952 ## - LOCATION AND ITEM INFORMATION (KOHA)
Withdrawn status [LOCAL, KOHA] 0
Holdings
Permanent Location Date acquired Koha item type Lost status Shelving location Barcode Current Location Full call number
Library Block A2017-08-25សៀវភៅភាសាអង់គ្លេស A044A19011Library Block A658 HIL 2006 A044 Or.
មជ្ឈមណ្ឌលឯការនៃសាកលវិទ្យាល័យភូមិន្ទកសិកម្មចំការដូង

Powered by Koha